00886nam a2200229Ia 450000100060000000300090000600800410001504000130005604000130006904100130008210000200009510000290011524500340014424500460017825000110022426000450023526000490028030000550032950002150038465000260059965000310062517019IT-RoPAU130308s9999 xx 000 0 und d aIT-RoPAU cIT-RoPAU aITALIANO aBertocci Silvio gCodice Aut. SPICS: 9237 aCultura degli emarginati (La) bUn Dibattito nelle Scienze Antropologiche a1a ed. bs.e. (senza Editrice o non identificata) c1974 [1° Ed.:1974 - Ed.Ling.Originale:1974] a"9 p. (prefazione: no ; testo: 9 [pagine: 43-51])" a"Articolo Sul giornale ""Il Popolo"" dal buon Selvaggio All'Idea Pluralisticaesotismo e consumismo Insidiano Il folklore Dall'Intellettualsimo Alla Realtà dei poveri Riflessione Critica e Strumentalizzazione" aSAGGI DI ANTROPOLOGIA eCodice materia Spics: 3507